Cuerpo y mente

Guardat en:
Dades bibliogràfiques
Autor principal: Campbell, K (Autor)
Format: Llibre
Idioma:espanyol
Publicat: Ciudad de México Universidad Nacional Autónoma de México 1987
Col·lecció:Filosofía Contemporánea
Matèries:
Etiquetes: Afegir etiqueta
Sense etiquetes, Sigues el primer a etiquetar aquest registre!

MARC

LEADER 00000nam a2200000 a 4500
001 UCN5252
003 CL-VaPUC
008 010824e19870000MX |||||||||||||||||spa|d
082 0 4 |a 128.2  |b CAM  |2 21 
100 0 |a Campbell, K  |e author  |9 461339 
245 1 0 |a Cuerpo y mente 
300 |a 154 p 
942 |c BK 
945 |d 20010824 00:00:00  |a cmena 
260 |a Ciudad de México  |b Universidad Nacional Autónoma de México  |c 1987 
650 0 |a Antropología filosófica  |9 265842 
650 0 |a Teoría del conocimiento   |9 255038 
650 0 |a Conciencia  |9 309452 
650 7 |a CONOCIMIENTO  |2 CL-VaPUC  |9 308991 
650 0 |a Imaginación  |9 269378 
650 0 |a Escuelas filosóficas   |9 266232 
583 |a last modification  |c 20121001 10:14:02  |k Rodrigo Vera 
490 0 |a Filosofía Contemporánea 
999 |c 296906  |d 296904 
952 |0 0  |1 0  |4 0  |6 128_200000000000000_CAM_1987  |7 0  |8 A  |9 351190  |a FDOPOS  |b FDOPOS  |d 2019-11-21  |i 3690857  |o 128.2 CAM 1987  |p 3690857  |r 2025-01-22  |w 2019-11-21  |y BK  |k MLA